| 000 | 00335nam a2200145Ia 4500 | ||
|---|---|---|---|
| 008 | 230312s9999||||xx |||||||||||||| ||und|| | ||
| 020 | _a0-316-17284-7 | ||
| 082 |
_a613.25 _bDAR-T |
||
| 100 | _aDarden;Ellington | ||
| 245 | 0 | _aNautilus Diet | |
| 260 |
_bEllington _aUSA _c1987 |
||
| 300 | _a408 | ||
| 650 | _aPhysiotherapy | ||
| 942 | _cBK | ||
| 999 |
_c2191 _d2191 |
||